000 00522nam a2200181Ia 4500
008 090124s9999 xx 000 0 und d
082 _b41665
100 _aओक जनार्दन
245 _a सोमनाथ
250 _a1
260 _b"शांती पब्लिकेशन्स, पुणे"
_c2002
300 _a255
600 _aओक जनार्दन
630 _a सोमनाथ
700 _aओक जनार्दन
730 _a सोमनाथ
942 _cBOOK
999 _c107841
_d107841